000 00644nam a22002057a 4500
003 OSt
005 20251126111003.0
008 251126b |||||||| |||| 00| 0 eng d
020 _a971-08-1917-8
040 _aDWCL-Main lib
_cOC
082 _23rd ed.
_aCirc. 516.24 K29p 1978
100 _aWillis F. Kern
245 _aPlane and spherical trigonometry with tables
_cWillis F. Kern
260 _aN. Y. :
_bMcGraw-Hill Book Company, Inc.,
_cc1978.
300 _aix (various paging) :
_billustration ;
_c22 cm.
650 _21. Trigonometry.
700 _aJames R. Bland
700 _aKells, Lyman M.
942 _2ddc
_cBK-CIRC
_e3rd ed.
_kCirc.
_n0
999 _c6379
_d6379